000 00974cam a22002774a 4500
999 _c3952
_d3952
001 12200735
003 GBCCL
005 20241126110507.0
008 001012s2000 mou 000 0 eng
010 _a 00011889
020 _a0570052769
040 _aDLC
_cDLC
_dDLC
042 _apcc
050 0 0 _aBV4845
_b.M45 2001
082 0 0 _a242.645
_221
_bMEL
100 1 _aMelander, Rochelle.
_97710
245 1 0 _aTimeouts with God :
_bmeditations for parents /
_cby Rochelle Melander and Harold Eppley.
260 _aSaint Louis, Mo. :
_bConcordia Pub. House,
_cc2000.
300 _a207 p. ;
_c20 cm.
650 0 _aParents
_vPrayers and devotions.
_97711
650 0 _aParenting
_xReligious aspects
_xChristianity
_vMeditations.
_97712
700 1 _aEppley, Harold.
_97713
906 _a7
_bcbc
_corignew
_d1
_eecip
_f20
_gy-gencatlg
942 _2ddc
_cBK